[Event "Festival Magistrale"]
[Site "Caorle ITA"]
[Date "1989.07.??"]
[Round "5"]
[White "Paizis, Adamantia"]
[Black "Kostic, Nebojsa"]
[Result "1/2-1/2"]
[WhiteElo "2115"]
[BlackElo "2340"]
[PlyCount "126"]
[EventDate "1989.07.01"]

1. e4 c6 2. d4 d5 3. exd5 cxd5 4. Bd3 Nc6 5. c3 Nf6 6. Bf4 Bg4 7. Qb3 Qd7 8.
Nd2 e6 9. Ngf3 Bxf3 10. Nxf3 Bd6 11. Bxd6 Qxd6 12. O-O Rb8 13. a4 O-O 14. Rae1
a6 15. Ne5 b5 16. axb5 axb5 17. Nxc6 Qxc6 18. Qb4 Ne4 19. Ra1 Nd2 20. Rfd1 Nc4
21. Ra7 g6 22. Rda1 Ra8 23. h4 Rxa7 24. Rxa7 Qb6 25. Ra2 Qc7 26. b3 Nd6 27. Qc5
Rc8 28. Ra6 Ne4 29. Bxe4 dxe4 30. Qxb5 Qxc3 31. Qe5 Qe1+ 32. Kh2 Qxf2 33. Qxe4
Kg7 34. Qe5+ Qf6 35. Qxf6+ Kxf6 36. d5 Rb8 37. dxe6 fxe6 38. Ra7 h5 39. Ra3 Kf5
40. Kg3 Rb4 41. Kh3 e5 42. g3 Rb6 43. Kg2 Rb5 44. Kf2 g5 45. hxg5 Kxg5 46. Kf3
Kf5 47. Ke3 Rb8 48. Kf3 Rb7 49. Ke3 Rb4 50. Kf3 Rd4 51. Ke3 Rb4 52. Kf3 e4+ 53.
Ke2 Rb5 54. Ke3 Rb4 55. Kf2 Rd4 56. Ra5+ Kg4 57. Re5 h4 58. gxh4 Kf4 59. Re8
Rd2+ 60. Ke1 Rh2 61. Rc8 Ke3 62. Rc3+ Kd4 63. Rg3 Rxh4 1/2-1/2

[Event "Festival Magistrale"]
[Site "Caorle ITA"]
[Date "1989.07.??"]
[Round "5"]
[White "Palmiotto, Fiorentino"]
[Black "Messina, Enrico"]
[Result "1/2-1/2"]
[WhiteElo "2065"]
[BlackElo "1900"]
[PlyCount "51"]
[EventDate "1989.07.01"]

1. d4 Nf6 2. c4 c5 3. dxc5 e6 4. Nc3 Bxc5 5. Nf3 O-O 6. g3 d5 7. e3 dxc4 8. Qc2
b6 9. Bxc4 Bb7 10. Be2 Nc6 11. a3 Rc8 12. O-O Qc7 13. Bd2 Qb8 14. b4 Be7 15.
Qa4 Qa8 16. b5 Nb8 17. Ne5 Nbd7 18. Nxd7 Nxd7 19. f3 Nc5 20. Qc2 Bf6 21. Rac1
Rfd8 22. Be1 Bg5 23. Kf2 Rd7 24. Rd1 Rdc7 25. Qb1 Bf6 26. Na2 1/2-1/2

[Event "Festival Magistrale"]
[Site "Caorle ITA"]
[Date "1989.07.??"]
[Round "5"]
[White "Raicevic, Ivica"]
[Black "Zupe, Miran"]
[Result "1/2-1/2"]
[WhiteElo "2325"]
[BlackElo "2330"]
[PlyCount "50"]
[EventDate "1989.07.01"]

1. c4 Nf6 2. Nc3 c5 3. g3 d5 4. cxd5 Nxd5 5. Bg2 Nc7 6. Nf3 Nc6 7. O-O e5 8. d3
Be7 9. Be3 O-O 10. Rc1 Rb8 11. Nd2 Nd4 12. Nc4 f6 13. Na5 Kh8 14. f4 Nce6 15.
Nd5 exf4 16. gxf4 Nf5 17. Bd2 Nc7 18. Nxe7 Nxe7 19. Nc4 b6 20. Rf3 Bg4 21. Rg3
Bh5 22. Rh3 Bg4 23. Rg3 Bh5 24. Rh3 Bg4 25. Rg3 Bh5 1/2-1/2

[Event "Festival Magistrale"]
[Site "Caorle ITA"]
[Date "1989.07.??"]
[Round "5"]
[White "Riemersma, Liafbern"]
[Black "Bistric, Faruk"]
[Result "1-0"]
[WhiteElo "2360"]
[BlackElo "2340"]
[PlyCount "65"]
[EventDate "1989.07.01"]

1. e4 c5 2. Nf3 e6 3. d4 cxd4 4. Nxd4 a6 5. Bd3 Qb6 6. Nb3 Qc7 7. O-O Nf6 8.
Nc3 Be7 9. f4 d6 10. e5 Nfd7 11. Kh1 Nc6 12. Qg4 O-O 13. Qh3 g6 14. f5 Ncxe5
15. fxe6 Nf6 16. Bg5 fxe6 17. Qh4 Qd8 18. Ne4 Neg4 19. Rf3 e5 20. h3 d5 21.
Nxf6+ Bxf6 22. Rxf6 Nxf6 23. Rf1 Bf5 24. Bxf5 gxf5 25. Rxf5 Qc8 26. Rxf6 Qxc2
27. Qg3 Rxf6 28. Bxf6+ Qg6 29. Qxe5 Rf8 30. Qxd5+ Rf7 31. Bc3 h6 32. Nd2 Kh7
33. Nf3 1-0

[Event "Festival Magistrale"]
[Site "Caorle ITA"]
[Date "1989.07.??"]
[Round "5"]
[White "Romagnoli, Franco"]
[Black "Sgaravatti, Francesco"]
[Result "0-1"]
[WhiteElo "1925"]
[BlackElo "2085"]
[PlyCount "54"]
[EventDate "1989.07.01"]

1. e4 e6 2. d4 d5 3. e5 c5 4. c3 Qb6 5. Nf3 Bd7 6. Be2 Bb5 7. c4 Bxc4 8. Bxc4
Qb4+ 9. Nbd2 dxc4 10. O-O Nc6 11. a3 Qb5 12. dxc5 Bxc5 13. Qe2 Nge7 14. Ne4 O-O
15. b4 Nd4 16. Nxd4 Bxd4 17. Ra2 Qxe5 18. Qf3 Ng6 19. Re2 Qc7 20. Ng5 h6 21.
Nxe6 fxe6 22. Qg4 Nf4 23. Re4 e5 24. g3 Qc6 25. gxf4 Qxe4 26. Qe6+ Kh8 27. fxe5
Bxe5 0-1

[Event "Festival Magistrale"]
[Site "Caorle ITA"]
[Date "1989.07.??"]
[Round "5"]
[White "Sinka, Brigitta"]
[Black "Andreoli, Renato"]
[Result "0-1"]
[WhiteElo "2045"]
[BlackElo "2230"]
[PlyCount "92"]
[EventDate "1989.07.01"]

1. d4 Nf6 2. Nf3 e6 3. Bf4 c5 4. e3 b6 5. Nbd2 Bb7 6. h3 Be7 7. Bd3 O-O 8. O-O
Nc6 9. c3 d6 10. Qe2 Rc8 11. Rad1 Re8 12. Bb1 Qc7 13. dxc5 bxc5 14. Nb3 Ne5 15.
Bxe5 dxe5 16. c4 e4 17. Ne1 Red8 18. Nc2 Qe5 19. Na3 Bd6 20. g3 h5 21. Nb5 Bb8
22. Rxd8+ Rxd8 23. Kh2 h4 24. Rg1 Nh7 25. Nc3 Ng5 26. Rg2 Qf5 27. Qg4 Qxg4 28.
hxg4 h3 29. Rg1 Nf3+ 30. Kh1 Nxg1 31. Kxg1 Ba6 32. Bxe4 Bxc4 33. Nxc5 Be5 34.
N5a4 Rd2 35. b3 Bd3 36. Bxd3 Rxd3 37. Ne4 Rd1+ 38. Kh2 Ra1 39. Nac3 Bxc3 40.
Nxc3 Rc1 41. Ne4 Rc2 42. a4 Rb2 43. Kxh3 Rxb3 44. g5 Rb4 45. f3 Rxa4 46. g6
Rxe4 0-1

[Event "Festival Magistrale"]
[Site "Caorle ITA"]
[Date "1989.07.??"]
[Round "5"]
[White "Spasojevic, Zoran M."]
[Black "Forgacs, Gyula"]
[Result "0-1"]
[WhiteElo "2285"]
[BlackElo "2340"]
[PlyCount "76"]
[EventDate "1989.07.01"]

1. c4 g6 2. Nc3 Bg7 3. g3 Nf6 4. Bg2 d6 5. d4 O-O 6. Nf3 Nbd7 7. O-O e5 8. e4
c6 9. h3 Qb6 10. c5 dxc5 11. dxe5 Ne8 12. e6 fxe6 13. Ng5 Ne5 14. Na4 Qa5 15.
f4 Nf7 16. Nf3 e5 17. Be3 b6 18. Qc2 Ned6 19. Rad1 Qa6 20. fxe5 Nc4 21. Bc1 Be6
22. b4 cxb4 23. Nd4 Qc8 24. Nf5 gxf5 25. exf5 Nfxe5 26. fxe6 Rxf1+ 27. Rxf1
Qxe6 28. Nb2 Nxb2 29. Bxb2 Qxa2 30. Bxc6 Nxc6 31. Qxc6 Rf8 32. Rxf8+ Bxf8 33.
Qf6 Qb1+ 34. Kf2 Qg6 35. Qh8+ Kf7 36. Qe5 Bd6 37. Qd5+ Ke7 38. Be5 Qf5+ 0-1

[Event "Festival Magistrale"]
[Site "Caorle ITA"]
[Date "1989.07.??"]
[Round "5"]
[White "Steiner, Darko"]
[Black "Kluss, Kai"]
[Result "1-0"]
[WhiteElo "2300"]
[BlackElo "2240"]
[PlyCount "69"]
[EventDate "1989.07.01"]

1. d4 d5 2. c4 e6 3. Nc3 Nf6 4. cxd5 exd5 5. Bg5 Be7 6. e3 c6 7. Bd3 Ne4 8. Bf4
f5 9. Qc2 O-O 10. Nge2 a5 11. O-O Kh8 12. f3 Nxc3 13. bxc3 Be6 14. a4 Nd7 15.
Rab1 b6 16. e4 g6 17. Bh6 fxe4 18. fxe4 Rxf1+ 19. Rxf1 Bg5 20. Bxg5 Qxg5 21.
Nf4 Bg8 22. e5 Nf8 23. Qf2 Kg7 24. h4 Qe7 25. Qg3 Kh8 26. h5 g5 27. Nh3 Ne6 28.
Bf5 h6 29. Bxe6 Bxe6 30. Rf6 Bxh3 31. Rxh6+ Kg7 32. Rg6+ Kh7 33. Qxh3 Rf8 34.
Qd3 Kh8 35. Rxc6 1-0

[Event "Festival Magistrale"]
[Site "Caorle ITA"]
[Date "1989.07.??"]
[Round "5"]
[White "Sulava, Nenad"]
[Black "Becx, Cesar"]
[Result "1/2-1/2"]
[WhiteElo "2380"]
[BlackElo "2300"]
[PlyCount "102"]
[EventDate "1989.07.01"]

1. Nf3 f5 2. g3 Nf6 3. Bg2 g6 4. c3 Bg7 5. Qb3 c6 6. d4 Qb6 7. Ne5 Qxb3 8. axb3
d6 9. Nd3 O-O 10. Bg5 Re8 11. Nd2 Be6 12. Bxf6 Bxf6 13. Nc4 Nd7 14. Na5 Rab8
15. b4 Bd5 16. Bxd5+ cxd5 17. Kd2 a6 18. e3 e6 19. h4 Bd8 20. b3 Nf6 21. f3 e5
22. dxe5 dxe5 23. Nc5 Bxa5 24. bxa5 Re7 25. b4 Ne8 26. Rhd1 Nd6 27. Ke1 Nc4 28.
Ke2 Rd8 29. e4 fxe4 30. Nxe4 Kg7 31. Nd2 Nd6 32. Rac1 Rf8 33. Nf1 d4 34. cxd4
exd4+ 35. Kf2 Nb5 36. Re1 Rfe8 37. Rxe7+ Rxe7 38. Nd2 Nc3 39. Ne4 Nxe4+ 40.
fxe4 Kf6 41. Kf3 Rd7 42. Rc5 Ke6 43. Ke2 d3+ 44. Kd2 Rd4 45. Rc7 Rxb4 46. Kxd3
h5 47. Ke3 Kf6 48. Kf4 Rb5 49. Rh7 Ke6 50. Rg7 Kf6 51. Rh7 Ke6 1/2-1/2

[Event "Festival Magistrale"]
[Site "Caorle ITA"]
[Date "1989.07.??"]
[Round "5"]
[White "Travaglini, Alberto"]
[Black "Curione, Francesco"]
[Result "1-0"]
[WhiteElo "1930"]
[BlackElo "1940"]
[PlyCount "87"]
[EventDate "1989.07.01"]

1. d4 Nf6 2. c4 g6 3. Nc3 Bg7 4. e4 d6 5. f3 O-O 6. Be3 e5 7. Nge2 Nbd7 8. Qd2
c6 9. d5 cxd5 10. cxd5 a6 11. g4 h5 12. h3 Nc5 13. Nc1 b5 14. Nd3 b4 15. Nxb4
Bd7 16. Nd3 Nxd3+ 17. Bxd3 Kh7 18. a4 Ng8 19. gxh5 Qh4+ 20. Qf2 Qxh5 21. Be2
Kh8 22. h4 f5 23. Qg2 f4 24. Bb6 Bf6 25. O-O-O Rfc8 26. Kb1 Ne7 27. a5 Kg7 28.
Qf1 Kf7 29. Bxa6 Rxa6 30. Qxa6 Qxf3 31. Qd3 Qh5 32. Bf2 Ra8 33. a6 Nc8 34. Rc1
Bd8 35. Rc2 g5 36. Rhc1 g4 37. Nb5 Ke7 38. Nc7 Bxc7 39. Rxc7 g3 40. Qb5 Qe8 41.
Qb7 gxf2 42. Qxa8 Qd8 43. Qb7 f3 44. a7 1-0

[Event "Festival Magistrale"]
[Site "Caorle ITA"]
[Date "1989.07.??"]
[Round "5"]
[White "Vlajkovic, Slobodan"]
[Black "Maffezzoli, Massimo"]
[Result "1/2-1/2"]
[WhiteElo "2250"]
[BlackElo "1940"]
[PlyCount "76"]
[EventDate "1989.07.01"]

1. c4 e6 2. Nc3 d5 3. d4 Nf6 4. cxd5 exd5 5. Bg5 Be7 6. e3 h6 7. Bh4 c6 8. Qc2
Be6 9. Bd3 Nbd7 10. Nge2 Nh5 11. Bxe7 Qxe7 12. O-O O-O 13. Rae1 Qd6 14. e4 dxe4
15. Nxe4 Qb4 16. b3 Nhf6 17. Nf4 Bd5 18. Nxd5 Nxd5 19. Ng3 Rfe8 20. Rxe8+ Rxe8
21. Qd1 N7f6 22. Nf5 Nf4 23. h3 Qc3 24. Bc4 b5 25. Bxf7+ Kxf7 26. Nd6+ Kf8 27.
Nxe8 Kxe8 28. Re1+ Kf7 29. Re3 Qb2 30. Rf3 Qxd4 31. Qc2 c5 32. Kh2 N4d5 33. Qf5
Ne7 34. Qc2 Ned5 35. Qf5 Ne7 36. Qc2 Ned5 37. Qf5 Ne7 38. Qc2 Ned5 1/2-1/2

[Event "Festival Magistrale"]
[Site "Caorle ITA"]
[Date "1989.07.??"]
[Round "6"]
[White "Barlocco, Carlo"]
[Black "Vlajkovic, Slobodan"]
[Result "1-0"]
[WhiteElo "2270"]
[BlackElo "2250"]
[PlyCount "62"]
[EventDate "1989.07.01"]

1. d4 Nf6 2. Bf4 g6 3. Nf3 Bg7 4. Nbd2 O-O 5. e4 d6 6. Bd3 c6 7. O-O Nh5 8. Bg5
Qc7 9. c3 a5 10. a4 e5 11. dxe5 dxe5 12. Qb3 Bg4 13. Be2 Nd7 14. Be3 Nf4 15.
Bc4 Be6 16. Rfd1 Rfe8 17. Ng5 Nf8 18. Bxe6 N8xe6 19. Nxe6 Nxe6 20. Bb6 Qe7 21.
Nc4 Qg5 22. Rd7 Nf4 23. g3 Re6 24. Qd1 Rf6 25. h4 Qh6 26. Rd8+ Bf8 27. Rxa8
Nh3+ 28. Kg2 Nf4+ 29. Kh2 g5 30. Qg4 Rg6 31. Nxe5 gxh4 1-0

[Event "Festival Magistrale"]
[Site "Caorle ITA"]
[Date "1989.07.??"]
[Round "6"]
[White "Bern, Ivar"]
[Black "Maksimovic, Branimir"]
[Result "0-1"]
[WhiteElo "2355"]
[BlackElo "2350"]
[PlyCount "75"]
[EventDate "1989.07.01"]

1. c4 e6 2. Nc3 Bb4 3. g3 Nf6 4. Bg2 O-O 5. Nf3 d5 6. cxd5 exd5 7. d4 c6 8. O-O
Re8 9. Bf4 Bf5 10. Rc1 Nbd7 11. a3 Bf8 12. Nh4 Be6 13. Qd3 g6 14. Rce1 Bg7 15.
Kh1 Nh5 16. Bc1 Qb6 17. e3 Bf6 18. Nf3 Bf5 19. Qd1 Ng7 20. Ng1 h5 21. f3 Rad8
22. Nge2 Ne6 23. h3 g5 24. e4 dxe4 25. fxe4 Bg6 26. d5 Nef8 27. Qc2 Nh7 28.
dxc6 bxc6 29. b4 Be5 30. h4 Qb8 31. hxg5 Bxg3 32. Nxg3 Qxg3 33. Re3 Qxg5 34.
Qf2 Ne5 35. Rh3 Qe7 36. Qg3 Rd3 37. Qh2 Rxh3 38. Qxh3 {...} 0-1

[Event "Festival Magistrale"]
[Site "Caorle ITA"]
[Date "1989.07.??"]
[Round "6"]
[White "Bistric, Faruk"]
[Black "Cassai, Paolo"]
[Result "1-0"]
[WhiteElo "2340"]
[BlackElo "2115"]
[PlyCount "99"]
[EventDate "1989.07.01"]

1. d4 d5 2. Bf4 Nf6 3. e3 e6 4. Nd2 Bd6 5. Bg3 c5 6. c3 O-O 7. Ngf3 Nc6 8. Bd3
Qe7 9. Ne5 Nd7 10. f4 f6 11. Ndf3 Qe8 12. Ng4 h5 13. Nge5 fxe5 14. fxe5 Be7 15.
O-O cxd4 16. exd4 h4 17. Bxh4 Bxh4 18. Nxh4 Rxf1+ 19. Qxf1 Nf8 20. Qf4 Ne7 21.
Rf1 Bd7 22. Nf3 Bb5 23. Bxb5 Qxb5 24. Ng5 Qe8 25. Nf7 Nf5 26. Ng5 Nh6 27. Nh3
Nh7 28. Qg3 Qe7 29. Nf4 Rf8 30. Qh3 Ng5 31. Qh5 Ne4 32. g3 Rf5 33. Qg6 Nd2 34.
Rf2 Ne4 35. Rf1 Ng5 36. h4 Qf7 37. hxg5 Rxf4 38. Qxf7+ Rxf7 39. gxh6 gxh6 40.
Rxf7 Kxf7 41. Kg2 b5 42. Kf3 h5 43. Kf4 Kg6 44. g4 hxg4 45. Kxg4 Kh6 46. Kf4
Kg6 47. b3 Kf7 48. Kg5 Kg7 49. a3 a5 50. a4 1-0

[Event "Festival Magistrale"]
[Site "Caorle ITA"]
[Date "1989.07.??"]
[Round "6"]
[White "Capelli, Giorgio"]
[Black "Sinadinovic, Andjelko"]
[Result "0-1"]
[WhiteElo "2030"]
[BlackElo "2340"]
[PlyCount "62"]
[EventDate "1989.07.01"]

1. c4 e6 2. d4 d5 3. cxd5 exd5 4. g3 c5 5. dxc5 Bxc5 6. Bg2 Nf6 7. Nf3 O-O 8.
O-O Nc6 9. Nbd2 h6 10. Nb3 Bb6 11. Bf4 Re8 12. Nc1 Qe7 13. a3 Bg4 14. Re1 Ne4
15. Nd3 Qf6 16. Rf1 Rad8 17. Rc1 Re6 18. Bd2 Rde8 19. Nf4 Rd6 20. Nd3 g5 21. b4
d4 22. h3 Bh5 23. g4 Bg6 24. b5 Ne7 25. Nfe5 Nd5 26. Nxg6 Nec3 27. Bxc3 Nxc3
28. Rxc3 dxc3 29. Qb3 Qxg6 30. Qxc3 Rxe2 31. Qc8+ Rd8 0-1

[Event "Festival Magistrale"]
[Site "Caorle ITA"]
[Date "1989.07.??"]
[Round "6"]
[White "Cecchetto, Vanni"]
[Black "Sinka, Brigitta"]
[Result "1/2-1/2"]
[WhiteElo "1900"]
[BlackElo "2045"]
[PlyCount "100"]
[EventDate "1989.07.01"]

1. e4 c5 2. c3 Nc6 3. Nf3 d5 4. exd5 Qxd5 5. d4 cxd4 6. cxd4 e6 7. Nc3 Bb4 8.
Be2 Nf6 9. O-O Qa5 10. Qb3 O-O 11. Bf4 a6 12. Rfd1 Nd5 13. Nxd5 Qxd5 14. Bc4
Qe4 15. Be3 Bd6 16. Bd3 Qd5 17. Qc2 h6 18. Be4 Nb4 19. Qb1 Qh5 20. h3 Nd5 21.
Qd3 Bd7 22. a4 Bc6 23. Nd2 Rac8 24. Bf3 Qh4 25. Ne4 Bb8 26. Bc1 Rfd8 27. Qf1
Nb4 28. g3 Qe7 29. Qe2 Bd5 30. Be3 Rc2 31. Rd2 Rdc8 32. Nc3 Bxf3 33. Qxf3 Rxd2
34. Bxd2 Nc2 35. Rd1 Nxd4 36. Qg4 Nf5 37. Nd5 exd5 38. Qxf5 Qe6 39. Qf3 Rd8 40.
Ba5 b6 41. Bc3 Bc7 42. Re1 Qd7 43. Bb4 Bd6 44. Qa3 Qc6 45. Bxd6 Rxd6 46. Re8+
Kh7 47. Qd3+ g6 48. Re7 Rf6 49. Qd4 Kg7 50. Re5 Qc4 1/2-1/2

[Event "Festival Magistrale"]
[Site "Caorle ITA"]
[Date "1989.07.??"]
[Round "6"]
[White "De Gregorio, Massimiliano"]
[Black "Loncar, Robert"]
[Result "1-0"]
[WhiteElo "1900"]
[BlackElo "2350"]
[PlyCount "137"]
[EventDate "1989.07.01"]

1. e4 e5 2. Nf3 Nc6 3. Bb5 a6 4. Ba4 Nf6 5. O-O Be7 6. Re1 b5 7. Bb3 d6 8. c3
O-O 9. d4 Bg4 10. d5 Na5 11. Bc2 c6 12. h3 Bc8 13. dxc6 Qc7 14. Nbd2 Qxc6 15.
Nf1 h6 16. Ng3 Be6 17. Nh4 Rfe8 18. Qf3 d5 19. Ngf5 Bxf5 20. exd5 Qxd5 21. Qxf5
Nc4 22. Nf3 Bf8 23. Bxh6 e4 24. Qxd5 Nxd5 25. Bxe4 Rxe4 26. Rxe4 gxh6 27. a4
Rb8 28. axb5 axb5 29. b3 Nd6 30. Rg4+ Kh8 31. c4 f5 32. Rd4 Nc3 33. Re1 Nde4
34. Nh4 Bc5 35. Nxf5 Bxd4 36. Nxd4 b4 37. f3 Nc5 38. Re5 Nd3 39. Re6 Kh7 40.
Nf5 Nc5 41. Rxh6+ Kg8 42. Nd4 Rd8 43. Nc6 Rd1+ 44. Kh2 Na2 45. Rh5 Nxb3 46.
Nxb4 Nxb4 47. Rb5 Nd2 48. Rxb4 Rc1 49. h4 Nxc4 50. Rb8+ Kf7 51. Rc8 Rc2 52. Kg3
Kg6 53. Kf4 Ne3 54. Rxc2 Nxc2 55. g4 Nd4 56. Ke4 Ne2 57. f4 Nc3+ 58. Ke5 Nd1
59. Ke6 Ne3 60. f5+ Kg7 61. g5 Ng2 62. h5 Nf4+ 63. Ke7 Nd5+ 64. Ke8 Nc7+ 65.
Kd7 Nd5 66. h6+ Kh7 67. Ke6 Nf4+ 68. Kf7 Nh5 69. g6+ 1-0

[Event "Festival Magistrale"]
[Site "Caorle ITA"]
[Date "1989.07.??"]
[Round "6"]
[White "Filipovic, Branko"]
[Black "Paizis, Adamantia"]
[Result "1-0"]
[WhiteElo "2450"]
[BlackElo "2115"]
[PlyCount "111"]
[EventDate "1989.07.01"]

1. e4 e5 2. Nf3 Nc6 3. Bb5 a6 4. Bxc6 dxc6 5. O-O f6 6. d4 Bg4 7. dxe5 Qxd1 8.
Rxd1 fxe5 9. Rd3 Bd6 10. Nbd2 b5 11. b3 Ne7 12. Bb2 Ng6 13. g3 O-O 14. Kg2 Rf6
15. Ng1 Bb4 16. f3 Bc8 17. Nf1 Rd6 18. Rad1 Bc5 19. h4 Nf4+ 20. gxf4 Rg6+ 21.
Ng3 exf4 22. N1e2 fxg3 23. Nf4 Rd6 24. Be5 Rh6 25. Kxg3 Be7 26. h5 g5 27. hxg6
hxg6 28. Bxc7 g5 29. Ne2 Kf7 30. Bd8 Be6 31. Bxe7 Rh3+ 32. Kf2 Kxe7 33. Nd4 c5
34. Nxe6 Kxe6 35. Rd6+ Kf7 36. Rd7+ Ke6 37. R1d6+ Ke5 38. Rg6 Rf8 39. Rxg5+ Ke6
40. Rd3 Rh2+ 41. Rg2 Rh1 42. Rg6+ Kf7 43. Rxa6 Rh2+ 44. Kg3 Rxc2 45. Rd7+ Kg8
46. Rg6+ Kh8 47. Rh6+ Kg8 48. Rhh7 Rb8 49. Rhg7+ Kf8 50. Rb7 Rxb7 51. Rxb7 b4
52. Ra7 Rc1 53. Kg4 Ra1 54. Ra5 Rg1+ 55. Kf5 Rh1 56. e5 1-0

[Event "Festival Magistrale"]
[Site "Caorle ITA"]
[Date "1989.07.??"]
[Round "6"]
[White "Gaggiottini, Manfredo"]
[Black "Weinberg, Emanuele"]
[Result "1/2-1/2"]
[WhiteElo "2030"]
[BlackElo "1900"]
[PlyCount "118"]
[EventDate "1989.07.01"]

1. d4 Nf6 2. Nc3 d5 3. Bg5 Bf5 4. f3 c6 5. Bxf6 gxf6 6. e4 dxe4 7. fxe4 Bg6 8.
Nf3 Nd7 9. Bd3 e5 10. Ne2 Bh6 11. O-O O-O 12. Kh1 Qe7 13. Nh4 exd4 14. Nxd4 Qe5
15. Nhf5 Bg7 16. Nxg7 Kxg7 17. Nf5+ Kh8 18. Qd2 Rg8 19. Nh6 Rge8 20. Qe3 Qg5
21. Qxg5 fxg5 22. Nxf7+ Kg7 23. Nd6 Re6 24. Nf5+ Kh8 25. Nd4 Re7 26. Nf5 Re6
27. Nh6 Ne5 28. h3 Rd8 29. Rad1 Red6 30. Nf5 R6d7 31. Be2 Rxd1 32. Rxd1 Rxd1+
33. Bxd1 Bxf5 34. exf5 Nc4 35. Be2 Nxb2 36. g4 Kg7 37. Kg2 Na4 38. Kf3 Nc3 39.
Bc4 b5 40. Be6 a5 41. Ke3 Kf6 42. Kd3 Nd1 43. Bd7 Nf2+ 44. Ke3 Nxh3 45. Bxc6 b4
46. Kd4 Nf4 47. Bf3 h5 48. gxh5 Kxf5 49. Be4+ Kf6 50. h6 g4 51. h7 Kg7 52. Ke3
Ne6 53. Bf5 Nc5 54. Kd4 g3 55. Bh3 Na4 56. Kc4 Kxh7 57. Kb3 Nc5+ 58. Kc4 Na4
59. Kb3 Nc5+ 1/2-1/2

[Event "Festival Magistrale"]
[Site "Caorle ITA"]
[Date "1989.07.??"]
[Round "6"]
[White "Gant, Otilia"]
[Black "Spasojevic, Zoran M."]
[Result "0-1"]
[WhiteElo "2240"]
[BlackElo "2285"]
[PlyCount "68"]
[EventDate "1989.07.01"]

1. d4 Nf6 2. c4 c5 3. d5 g6 4. Nc3 d6 5. e4 Bg7 6. Nf3 O-O 7. Bf4 a6 8. Nd2 e6
9. a4 exd5 10. cxd5 Nh5 11. Be3 Nd7 12. Be2 Nhf6 13. O-O Ne8 14. f4 f5 15. Bf3
Nef6 16. Qc2 Re8 17. Rae1 fxe4 18. Ndxe4 Nxe4 19. Nxe4 Nf6 20. Ng5 Bf5 21. Qb3
Qd7 22. Bf2 b5 23. Ne6 Bh8 24. axb5 axb5 25. Ra1 h5 26. Rxa8 Rxa8 27. Re1 Ra4
28. Bxc5 dxc5 29. Nxc5 Qa7 30. d6+ Rc4 31. Re5 Nd7 32. Bd5+ Kf8 33. Qe3 Qxc5
34. Re8+ Kg7 0-1

[Event "Festival Magistrale"]
[Site "Caorle ITA"]
[Date "1989.07.??"]
[Round "6"]
[White "Glavan, Slavenko"]
[Black "Tondo, Salvatore"]
[Result "1-0"]
[WhiteElo "2260"]
[BlackElo "1900"]
[PlyCount "74"]
[EventDate "1989.07.01"]

1. e4 c5 2. Nf3 Nc6 3. Be2 e5 4. O-O Nf6 5. d3 d6 6. Bg5 Be6 7. c3 Be7 8. Nbd2
Qb6 9. Qc2 Rc8 10. h3 a6 11. Nc4 Qc7 12. Ne3 b5 13. Rfd1 O-O 14. Nh2 Nd7 15. f4
exf4 16. Bxf4 Nde5 17. Rf1 Ng6 18. Bg3 Qd7 19. Bg4 Nce5 20. Bf5 Bd8 21. b3 Ne7
22. Qe2 Bxf5 23. Nxf5 Nxf5 24. Rxf5 Qe6 25. Rd1 Be7 26. d4 cxd4 27. cxd4 Ng6
28. Nf3 Rc3 29. Be1 Rc7 30. Ba5 Rcc8 31. d5 Qd7 32. Bb6 Qb7 33. Bd4 Qc7 34. Ne1
Bh4 35. Nd3 Qc2 36. Qf3 Bf6 37. Rxf6 Qxa2 1-0

[Event "Festival Magistrale"]
[Site "Caorle ITA"]
[Date "1989.07.??"]
[Round "6"]
[White "Gregoratti, Ivaldi"]
[Black "Curione, Francesco"]
[Result "0-1"]
[WhiteElo "1975"]
[BlackElo "1940"]
[PlyCount "62"]
[EventDate "1989.07.01"]

1. e4 c5 2. Nf3 d6 3. d4 cxd4 4. Nxd4 Nf6 5. Nc3 a6 6. Bg5 e6 7. f4 Be7 8. Qf3
Qc7 9. O-O-O Nbd7 10. g4 b5 11. Bxf6 gxf6 12. f5 Ne5 13. Qh3 O-O 14. Bd3 Kh8
15. Rhg1 Rg8 16. Rg3 b4 17. Nce2 Nxd3+ 18. Rdxd3 e5 19. Nf3 Bb7 20. Nd2 Rac8
21. c3 Qa5 22. Kb1 d5 23. Qh6 bxc3 24. Rxc3 Rxc3 25. Nxc3 d4 26. Rh3 Rg7 27. g5
dxc3 28. gxf6 Bxf6 29. Qxf6 cxd2 30. Kc2 Bxe4+ 31. Kd1 Qd5 0-1

[Event "Festival Magistrale"]
[Site "Caorle ITA"]
[Date "1989.07.??"]
[Round "6"]
[White "Hever, Miklos"]
[Black "Raicevic, Ivica"]
[Result "1/2-1/2"]
[WhiteElo "2295"]
[BlackElo "2325"]
[PlyCount "29"]
[EventDate "1989.07.01"]

1. Nf3 Nf6 2. c4 b6 3. d4 e6 4. g3 Bb4+ 5. Nc3 O-O 6. Bg2 c6 7. O-O d5 8. Ne5
a5 9. Bg5 Ba6 10. e4 h6 11. Bxf6 gxf6 12. Ng4 Bxc4 13. Nxh6+ Kg7 14. Qg4+ Kxh6
15. Qh4+ 1/2-1/2

[Event "Festival Magistrale"]
[Site "Caorle ITA"]
[Date "1989.07.??"]
[Round "6"]
[White "Kajganovic, Miodrag"]
[Black "Barle, Janez"]
[Result "0-1"]
[WhiteElo "2220"]
[BlackElo "2430"]
[PlyCount "134"]
[EventDate "1989.07.01"]

1. d4 Nf6 2. c4 e6 3. Nf3 d5 4. cxd5 exd5 5. Nc3 c6 6. Bg5 Be7 7. Qc2 Na6 8. e3
Nb4 9. Qd1 Bf5 10. Rc1 a5 11. Be2 O-O 12. O-O Ne4 13. Bxe7 Qxe7 14. a3 Na6 15.
Nd2 Nxc3 16. Rxc3 Nc7 17. Bg4 Bxg4 18. Qxg4 Nb5 19. Rc5 g6 20. Qd1 a4 21. Re1
Rfe8 22. Rc1 Nd6 23. Qc2 Nf5 24. Nf3 f6 25. Qc5 Qd7 26. Qb6 g5 27. Rc5 h5 28.
Ra5 Rxa5 29. Qxa5 b5 30. Qc3 Nd6 31. Nd2 Ra8 32. Qc2 Kg7 33. Qd1 h4 34. h3 Qf5
35. Qc1 Qd3 36. Rd1 Rc8 37. Qc5 Qe2 38. Rf1 Nf7 39. Qc3 Rc7 40. Nf3 Qc4 41. Qd2
Nd6 42. Rc1 Qb3 43. Qa5 Rc8 44. Qa7+ Nf7 45. Qb7 Qxb2 46. Re1 Rd8 47. Qxc6 Qxa3
48. Qxb5 Rc8 49. Kh2 Rc2 50. Qxd5 Rxf2 51. Rb1 Rb2 52. Re1 Qc3 53. Qc5 Qb3 54.
d5 Qb8+ 55. Kh1 Rxg2 56. Kxg2 Qg3+ 57. Kf1 Qxf3+ 58. Kg1 Qg3+ 59. Kf1 Qxh3+ 60.
Ke2 Qg2+ 61. Kd3 h3 62. Re2 Qh1 63. Qc7 Qxd5+ 64. Kc2 Qb3+ 65. Kc1 a3 66. Qa7
Qc3+ 67. Kd1 h2 0-1

[Event "Festival Magistrale"]
[Site "Caorle ITA"]
[Date "1989.07.??"]
[Round "6"]
[White "Karakas-Kertesz, Eva"]
[Black "Dilic, Roberto"]
[Result "1/2-1/2"]
[WhiteElo "2075"]
[BlackElo "1900"]
[PlyCount "57"]
[EventDate "1989.07.01"]

1. e4 c5 2. Nf3 e6 3. d4 cxd4 4. Nxd4 a6 5. Bd3 Bc5 6. Nb3 Ba7 7. O-O Nc6 8.
Nc3 Nf6 9. Qe2 Ne5 10. Be3 Bxe3 11. Qxe3 b6 12. Rad1 Qe7 13. h3 O-O 14. f4 Nxd3
15. cxd3 d6 16. Rc1 Qd8 17. Na4 Rb8 18. Nd4 Bd7 19. Nc6 Bxc6 20. Rxc6 d5 21.
Rfc1 dxe4 22. dxe4 h6 23. Nxb6 Nxe4 24. Nc4 Qd5 25. Rxa6 Rbc8 26. b3 Rfd8 27.
Re1 f5 28. Qb6 Nc5 29. Ra5 1/2-1/2

[Event "Festival Magistrale"]
[Site "Caorle ITA"]
[Date "1989.07.??"]
[Round "6"]
[White "Kostic, Nebojsa"]
[Black "Guerra, Alessandro"]
[Result "1-0"]
[WhiteElo "2340"]
[BlackElo "2128"]
[PlyCount "83"]
[EventDate "1989.07.01"]

1. c4 Nf6 2. Nc3 e6 3. e4 d5 4. cxd5 exd5 5. e5 Ne4 6. Nxe4 dxe4 7. Qa4+ Nc6 8.
Qxe4 Qd4 9. Qxd4 Nxd4 10. Bd3 Be6 11. Ne2 O-O-O 12. Be4 Bc5 13. f4 Rhe8 14.
Nxd4 Bxd4 15. d3 Bd5 16. Ke2 f6 17. Be3 Bxe4 18. dxe4 fxe5 19. f5 Bxb2 20. Rab1
Bd4 21. Bg5 Rd6 22. Rhc1 Ra6 23. Rc2 c5 24. Be3 b6 25. Rb3 Ra4 26. g4 Kd7 27.
Bc1 h6 28. h4 c4 29. Rg3 b5 30. h5 Ra6 31. g5 hxg5 32. Rxg5 Re7 33. Kf3 Bc5 34.
Rcg2 Ke8 35. Rxg7 Rxg7 36. Rxg7 Rxa2 37. h6 Rf2+ 38. Kg3 Rf1 39. h7 Rg1+ 40.
Kf3 Rxg7 41. h8=Q+ Bf8 42. Bh6 1-0